Sports Quiz

Random Sports or NBA Quiz
Score 0/20 Timer 10:00
0 Plays Today
Hint Answer % Correct
SpursKawhi Leonard
91.7%
WarriorsStephen Curry
78.9%
CavsLebron James
74.3%
WizardsJohn Wall
72.9%
SpursTony Parker
70.2%
BullsJimmy Butler
64.7%
WarriorsDraymond Green
62.4%
WarriorsKlay Thompson
61.5%
TimberwolvesAndrew Wiggins
61.5%
KingsDemarcus Cousins
60.1%
Hint Answer % Correct
LakersD'Angleo Russell
59.6%
KnicksCarmelo Anthony
59.6%
BullsDwyane Wade
56.4%
WizardsBradley Beal
56.4%
HawksDwight Howard
53.2%
KnicksDerrick Rose
53.2%
SpursPatrick Mills
51.4%
MavsHarrison Barnes
44.5%
76ersBen Simmons
37.6%
TimberwolvesKarl Anthony-Towns
37.2%

You're not logged in!

Compare scores with friends on all Sporcle quizzes.
OR
Log In

Sporcle TV

Today on Sporcle TV


Watch our educational content, quiz creation guides, and fun videos on Sporcle TV.

Show Comments

Extras

Created Feb 8, 2017ReportNominate
Tags:NBA Quiz, 2017, Player

Top Quizzes Today


Score Distribution

Paid Content

Your Account Isn't Verified!

In order to create a playlist on Sporcle, you need to verify the email address you used during registration. Go to your Sporcle Settings to finish the process.

Report this User

Report this user for behavior that violates our Community Guidelines.

Details: